[Event "56th Rubinstein Memorial C 2020"]
[Site "Polanica Zdroj"]
[Date "2020.08.18"]
[Round "4.16"]
[White "Lambrecht, Tomasz"]
[Black "Urbaniak, Karol"]
[Result "1-0"]
[WhiteElo "1750"]
[BlackElo "1612"]
[Annotator "NA"]
[PlyCount "90"]
[EventDate "2020.08.15"]
[EventType "swiss"]
[EventCountry "POL"]
[SourceTitle "playchess.com"]
[Source "ChessBase"]
[SourceQuality "1"]
[TimeControl "40/5400+30:1800+30"]

1. d4 Nf6 2. c4 c5 3. d5 b5 4. cxb5 a6 5. bxa6 Bxa6 6. Nc3 g6 7. e4 Bxf1 8. Kxf1 d6 9. Nf3 Nbd7 10. g3 Bg7 11. Kg2 O-O 12. a4 Qb6 13. Qc2 Rfb8 14. Nb5 h6 15. Nd2 Qd8 16. Ra3 Ne8 17. Nc4 Nb6 18. b3 Nc7 19. Nxc7 Qxc7 20. Bd2 Rb7 21. Na5 Rba7 22. Nc6 Ra6 23. a5 Nc8 24. Qd3 e6 25. Re1 Ne7 26. Nxe7+ Qxe7 27. dxe6 Qxe6 28. b4 Bb2 29. Ra4 c4 30. Qd5 c3 31. Bxh6 c2 32. Qxe6 fxe6 33. Bc1 Bc3 34. Re2 Rb8 35. Rxc2 Rxb4 36. Ra3 Bd4 37. Bd2 Rb5 38. Ra4 Bc5 39. Rac4 Kf7 40. e5 Ke7 41. exd6+ Kxd6 42. Rxc5 Rxc5 43. Bb4 Raxa5 44. Rxc5 Rxc5 45. Kf3 Kd5 1-0

[Event "56th Rubinstein Memorial C 2020"]
[Site "Polanica Zdroj"]
[Date "2020.08.19"]
[Round "5.2"]
[White "Komendecki, Jacek"]
[Black "Janzer, Hubert"]
[Result "1-0"]
[WhiteElo "2024"]
[BlackElo "1893"]
[Annotator "ChessBase"]
[PlyCount "83"]
[EventDate "2020.08.15"]
[EventType "swiss"]
[EventCountry "POL"]
[SourceTitle "playchess.com"]
[Source "ChessBase"]
[SourceQuality "1"]
[TimeControl "40/5400+30:1800+30"]

1. e4 {[%emt 0:00:00]} e6 {[%emt 0:00:00]} 2. d4 {[%emt 0:00:00]} d5 {[%emt 0:00:00]} 3. e5 {[%emt 0:00:00]} c5 {[%emt 0:00:00]} 4. c3 {[%emt 0:00:00]} Nc6 {[%emt 0:00:00]} 5. Nf3 {[%emt 0:00:09]} Qb6 {[%emt 0:00:00]} 6. a3 {[%emt 0:00:40]} Nh6 {[%emt 0:00:16]} 7. b4 {[%emt 0:01:17]} cxd4 {[%emt 0:00:06]} 8. cxd4 {[%emt 0:00:05]} Nf5 {[%emt 0:00:04]} 9. Be3 {[%emt 0:00:15]} Be7 {[%emt 0:00:56]} 10. Bd3 {[%emt 0:00:38]} f6 {[%emt 0:04:56]} 11. exf6 {[%emt 0:09:45]} Bxf6 {[%emt 0:00:12]} 12. Bxf5 {[%emt 0:00:11]} exf5 {[%emt 0:00:14]} 13. Nc3 {[%emt 0:01:15]} Be6 {[%emt 0:04:17]} 14. O-O {[%emt 0:00:55]} O-O {[%emt 0:01:52]} 15. Na4 {[%emt 0:00:39]} Qd8 {[%emt 0:01:27]} 16. Nc5 {[%emt 0:00:09]} Bc8 {[%emt 0:00:15]} 17. Ra2 {[%emt 0:30:49]} f4 {[%emt 0:14:03]} 18. Bc1 {[%emt 0:20:28]} b6 {[%emt 0:07:52]} 19. Nb3 {[%emt 0:02:05]} Ba6 {[%emt 0:00:33]} 20. Re1 {[%emt 0:01:03]} Qd6 {[%emt 0:00:20]} 21. Rd2 {[%emt 0:07:32]} Bc4 {[%emt 0:02:38]} 22. Bb2 {[%emt 0:00:26]} Rae8 {[%emt 0:06:01]} 23. Nc1 {[%emt 0:00:15]} g5 {[%emt 0:06:23]} 24. Nd3 {[%emt 0:00:25]} Rxe1+ {[%emt 0:15:31]} 25. Qxe1 {[%emt 0:00:07]} g4 {[%emt 0:01:13]} 26. Nfe5 {[%emt 0:00:13]} Bxe5 {[%emt 0:00:52]} 27. Nxe5 {[%emt 0:00:38]} Qe6 {[%emt 0:02:04]} 28. Qd1 {[%emt 0:01:15]} Nxe5 {[%emt 0:00:52]} 29. dxe5 {[%emt 0:00:09]} f3 {[%emt 0:00:17]} 30. Rd4 {[%emt 0:03:06]} Rf7 {[%emt 0:03:33]} 31. Qd2 {[%emt 0:01:14]} Qf5 {[%emt 0:02:38]} 32. Bc1 {[%emt 0:14:37]} fxg2 {[%emt 0:01:56]} 33. Kxg2 {[%emt 0:04:37]} Qf3+ {[%emt 0:01:42]} 34. Kg1 {[%emt 0:00:01]} Rf5 {[%emt 0:00:30]} 35. e6 {[%emt 0:01:34]} Qe2 {[%emt 0:05:23]} 36. Qxe2 {[%emt 0:00:23]} Bxe2 {[%emt 0:00:07]} 37. Bf4 {[%emt 0:00:30]} Kg7 {[%emt 0:04:33]} 38. Bd6 {[%emt 0:00:35]} Kf6 {[%emt 0:01:19]} 39. e7 {[%emt 0:00:16]} Kf7 {[%emt 0:00:05]} 40. Rd2 {[%emt 0:00:00]} Bf3 {[%emt 0:00:00]} 41. Rc2 {[%emt 0:01:13]} Rf6 {[%emt 0:00:49]} 42. Rc8 {[%emt 0:00:16]} 1-0

[Event "56th Rubinstein Memorial C 2020"]
[Site "Polanica Zdroj"]
[Date "2020.08.19"]
[Round "5.3"]
[White "Podgorski, Maciej"]
[Black "Kozlowski, Pawel"]
[Result "1-0"]
[WhiteElo "1810"]
[BlackElo "1913"]
[Annotator "TA"]
[PlyCount "83"]
[EventDate "2020.08.15"]
[EventType "swiss"]
[EventCountry "POL"]
[SourceTitle "playchess.com"]
[Source "ChessBase"]
[SourceQuality "1"]

{[%evp 15,83,7,6,14,16,-6,0,0,0,-18,-18,-30,-27,-14,0,0,0,0,44,-41,-9,-32,-21,-33,26,27,45,38,74,29,4,0,16,13,104,58,41,39,39,43,102,29,314,283,304,300,283,212,367,155,573,355,353,350,336,320,356,329,609,623,609,606,634,405,604,595,5529,5522,5489,2552]} 1. e4 e6 2. d4 d5 3. Nc3 Bb4 4. e5 Qd7 5. Nf3 b6 6. Bd2 Ba6 7. Bxa6 Nxa6 8. Qe2 Nb8 9. O-O {C16: French: 3 Nc3 Bb4 4 e5: Lines without ...c5.} Ne7 10. a3 Bxc3 $1 11. Bxc3 {The position is equal.} O-O {[#]} 12. Rad1 $146 ({Predecessor:} 12. a4 c5 13. Rfd1 Rc8 14. dxc5 bxc5 15. Ng5 Qe8 16. Qd3 Ng6 17. f4 Nc6 18. Rf1 {½-½ (32) Milov,L (2449)-Schneider,S (2332) Bayern 2007}) 12... c5 13. h4 Nbc6 14. h5 Nf5 15. dxc5 bxc5 16. g4 Nh6 17. Nh2 (17. Ng5 $1 $14) 17... Qc7 18. Rfe1 Kh8 19. Bd2 Nd4 (19... Rab8 $15) 20. Qd3 $11 Qe7 21. c3 $36 {[%mdl 2048] White has the initiative.} Nc6 22. Bxh6 gxh6 23. Qe3 Kg7 24. f4 Rae8 (24... Kh8 $11 {remains equal.}) 25. Re2 Kh8 26. Rg2 Rg8 27. g5 Rb8 ({Black should play} 27... hxg5 $14 28. fxg5 Na5) 28. Kh1 ({Better is} 28. Ng4 $16) 28... Na5 $2 {[%mdl 8192]} (28... hxg5 $11 {and Black has nothing to worry.} 29. fxg5 Na5) 29. Ng4 $18 hxg5 30. Nf6 {Threatens to win with Qd3.} Rg7 31. Rdg1 Nc4 $2 {[#]} (31... Qb7 32. Qd3 (32. Qxc5 Nc4 $16) (32. fxg5 Nc4 $14) 32... d4) 32. Qc1 (32. Qd3 $1 $18 {is the precise move to win.} Nxe5 33. fxe5) 32... Rbg8 $2 {Loses the game.} (32... Nd6 $16 {is a better chance.}) 33. Nxg8 Rxg8 34. Rxg5 Rxg5 35. Rxg5 {[%mdl 4096] Endgame KQR-KQN} h6 36. Rg4 f5 $2 (36... Qf8 37. Kg1 Na5) 37. exf6 Qxf6 38. Qg1 Qf8 39. Qf2 Qf5 (39... Kh7 $142 40. Qc2+ Qf5 41. Qxf5+ exf5) 40. Qh4 {[#] Qd8+ would kill now.White is clearly winning.} Qb1+ 41. Rg1 {Intending Qf6+ and mate.} Qe4+ 42. Rg2 {Accuracy: White = 61%, Black = 41%.} 1-0

[Event "56th Rubinstein Memorial C 2020"]
[Site "Polanica Zdroj"]
[Date "2020.08.19"]
[Round "5.4"]
[White "Komendecki, Antoni"]
[Black "Bartlomowicz, Jakub"]
[Result "1-0"]
[WhiteElo "1631"]
[BlackElo "1613"]
[Annotator "NA RC"]
[PlyCount "113"]
[EventDate "2020.08.15"]
[EventType "swiss"]
[EventCountry "POL"]
[SourceTitle "playchess.com"]
[Source "ChessBase"]
[SourceQuality "1"]
[TimeControl "40/5400+30:1800+30"]

1. e4 {[%emt 0:00:00]} c5 {[%emt 0:00:00]} 2. Nf3 {[%emt 0:00:00]} Nc6 {[%emt 0:00:08]} 3. d4 {[%emt 0:00:27]} cxd4 {[%emt 0:00:29]} 4. Nxd4 {[%emt 0:00:41]} g6 {[%emt 0:00:53]} 5. c4 {[%emt 0:01:02]} Bg7 {[%emt 0:00:29]} 6. Be3 {[%emt 0:00:14]} Nf6 {[%emt 0:00:41]} 7. Nc3 {[%emt 0:00:37]} O-O {[%emt 0:01:02]} 8. Be2 {[%emt 0:00:58]} d6 {[%emt 0:00:54]} 9. O-O {[%emt 0:00:47]} Bd7 {[%emt 0:00:40]} 10. Rc1 {[%emt 0:02:26]} Nxd4 11. Bxd4 {[%emt 0:00:07]} Bc6 {[%emt 0:01:55]} 12. f3 {[%emt 0:01:12]} Nd7 {[%emt 0:01:46]} 13. Be3 {[%emt 0:00:45]} a5 {[%emt 0:00:36]} 14. b3 {[%emt 0:07:27]} Nc5 {[%emt 0:03:46]} 15. Re1 {[%emt 0:03:11]} e6 {[%emt 0:03:39]} 16. Bf1 {[%emt 0:05:15]} Be5 {[%emt 0:02:05]} 17. Ne2 {[%emt 0:04:10]} Qe7 {[%emt 0:02:22]} 18. Qd2 {[%emt 0:06:14]} Rfd8 {[%emt 0:02:37]} 19. Bf2 {[%emt 0:02:45]} Bf6 {[%emt 0:08:54]} 20. Ng3 {[%emt 0:04:34]} Bg5 {[%emt 0:02:00]} 21. Be3 {[%emt 0:02:45]} Bf6 {[%emt 0:02:37]} 22. Rc2 {[%emt 0:07:02]} Be5 {[%emt 0:07:48]} 23. Bf2 {[%emt 0:01:42]} Qh4 {[%emt 0:04:34]} 24. Be2 {[%emt 0:03:02]} Bf4 {[%emt 0:02:46]} 25. Qd1 {[%emt 0:00:56]} Rd7 {[%emt 0:03:59]} 26. Nf1 {[%emt 0:01:14]} Qe7 {[%emt 0:00:18]} 27. Be3 {[%emt 0:09:09]} Be5 {[%emt 0:01:34]} 28. Bd4 {[%emt 0:02:12]} Na6 {[%emt 0:02:16]} 29. Rd2 {[%emt 0:07:05]} a4 {[%emt 0:03:44]} 30. Bxe5 {[%emt 0:04:05]} dxe5 {[%emt 0:00:06]} 31. Rxd7 {[%emt 0:00:35]} Bxd7 {[%emt 0:00:04]} 32. Ne3 {[%emt 0:00:38]} axb3 {[%emt 0:00:43]} 33. axb3 {[%emt 0:00:01]} Rd8 {[%emt 0:00:38]} 34. Ng4 {[%emt 0:00:59]} Bc6 {[%emt 0:01:21]} 35. Qa1 {[%emt 0:01:43]} Qc5+ {[%emt 0:00:33]} 36. Kh1 {[%emt 0:00:15]} Rd4 {[%emt 0:00:08]} 37. Qc1 {[%emt 0:01:10]} f5 {[%emt 0:01:21]} 38. exf5 {[%emt 0:04:38]} exf5 {[%emt 0:00:08]} 39. Nf2 {[%emt 0:03:14]} Nb4 {[%emt 0:01:13]} 40. Bf1 {[%emt 0:00:00]} Kg7 {[%emt 0:00:00]} 41. Qe3 {[%emt 0:10:16]} e4 {[%emt 0:09:06]} 42. Qc3 {[%emt 0:10:55]} exf3 {[%emt 0:01:21]} 43. gxf3 {[%emt 0:05:47]} Nd5 {[%emt 0:00:38]} 44. Qb2 {[%emt 0:01:26]} Nf6 {[%emt 0:00:06]} 45. Bg2 {[%emt 0:00:24]} Qd6 {[%emt 0:01:11]} 46. Qe2 {[%emt 0:00:46]} Rd2 {[%emt 0:01:04]} 47. Qf1 {[%emt 0:01:36]} Rb2 {[%emt 0:02:03]} 48. Rb1 {[%emt 0:02:06]} Qd2 {[%emt 0:00:52]} 49. Rxb2 {[%emt 0:00:11]} Qxb2 {[%emt 0:00:05]} 50. Qe1 {[%emt 0:02:34]} Qxb3 {[%emt 0:01:26]} 51. Qe7+ {[%emt 0:00:44]} Kh6 {[%emt 0:00:24]} 52. h4 {[%emt 0:00:08]} Nh5 {[%emt 0:01:33]} 53. Qf8+ {[%emt 0:03:00]} Ng7 {[%emt 0:00:04]} 54. Ng4+ {[%emt 0:01:11]} Kh5 {[%emt 0:00:30]} 55. Qxg7 {[%emt 0:01:39]} Qd1+ {[%emt 0:00:09]} 56. Kh2 {[%emt 0:00:12]} Qd6+ {[%emt 0:00:03]} 57. Kh3 {[%emt 0:00:23]} 1-0

[Event "56th Rubinstein Memorial C 2020"]
[Site "Polanica Zdroj"]
[Date "2020.08.19"]
[Round "5.5"]
[White "Demski, Michal"]
[Black "Kejna, Piotr"]
[Result "1-0"]
[WhiteElo "1617"]
[BlackElo "1767"]
[Annotator "NA"]
[PlyCount "73"]
[EventDate "2020.08.15"]
[EventType "swiss"]
[EventCountry "POL"]
[SourceTitle "playchess.com"]
[Source "ChessBase"]
[SourceQuality "1"]
[TimeControl "40/5400+30:1800+30"]

1. e4 {[%emt 0:00:00]} e6 {[%emt 0:00:00]} 2. d3 {[%emt 0:00:00]} g6 {[%emt 0:01:39]} 3. g3 {[%emt 0:00:27]} Bg7 {[%emt 0:00:31]} 4. Bg2 {[%emt 0:00:16]} Ne7 {[%emt 0:00:47]} 5. Nf3 {[%emt 0:00:30]} O-O {[%emt 0:01:17]} 6. O-O {[%emt 0:01:08]} c5 {[%emt 0:01:30]} 7. Re1 {[%emt 0:02:16]} d5 {[%emt 0:02:27]} 8. e5 {[%emt 0:00:20]} Nbc6 {[%emt 0:00:37]} 9. Nbd2 {[%emt 0:05:46]} Qc7 {[%emt 0:02:54]} 10. Qe2 {[%emt 0:00:41]} b6 {[%emt 0:04:18]} 11. Nf1 {[%emt 0:02:49]} Ba6 {[%emt 0:05:16]} 12. Bf4 {[%emt 0:12:35]} Qb7 {[%emt 0:06:04]} 13. c3 {[%emt 0:09:19]} b5 {[%emt 0:03:24]} 14. b3 {[%emt 0:09:06]} c4 {[%emt 0:03:19]} 15. dxc4 {[%emt 0:04:12]} bxc4 {[%emt 0:03:41]} 16. b4 {[%emt 0:01:48]} Qc7 {[%emt 0:01:26]} 17. a4 {[%emt 0:02:17]} Bb7 {[%emt 0:00:14]} 18. Ne3 {[%emt 0:07:32]} Rfd8 {[%emt 0:04:56]} 19. Ng4 {[%emt 0:02:48]} Nf5 {[%emt 0:03:51]} 20. Nf6+ {[%emt 0:02:02]} Bxf6 {[%emt 0:01:17]} 21. exf6 {[%emt 0:00:06]} Qd7 {[%emt 0:01:52]} 22. h4 {[%emt 0:07:06]} Nd6 {[%emt 0:03:25]} 23. Bxd6 {[%emt 0:01:58]} Qxd6 {[%emt 0:00:02]} 24. b5 {[%emt 0:02:33]} Na5 {[%emt 0:03:31]} 25. Ne5 {[%emt 0:02:52]} Rac8 {[%emt 0:15:44]} 26. Rad1 {[%emt 0:03:01]} a6 {[%emt 0:02:04]} 27. h5 {[%emt 0:01:35]} Qf8 {[%emt 0:02:56]} 28. Qg4 {[%emt 0:03:45]} Kh8 {[%emt 0:12:45]} 29. hxg6 {[%emt 0:01:29]} hxg6 {[%emt 0:01:36]} 30. Qh4+ {[%emt 0:00:48]} Kg8 {[%emt 0:00:08]} 31. Rd4 {[%emt 0:00:45]} Rd6 {[%emt 0:04:08]} 32. Rg4 {[%emt 0:00:56]} Qe8 {[%emt 0:00:49]} 33. Qh6 {[%emt 0:00:25]} Qf8 {[%emt 0:00:15]} 34. Rxg6+ {[%emt 0:00:32]} fxg6 {[%emt 0:00:09]} 35. Qxg6+ {[%emt 0:00:03]} Kh8 {[%emt 0:00:07]} 36. Nf7+ {[%emt 0:00:07]} Qxf7 {[%emt 0:00:08]} 37. Qxf7 {[%emt 0:00:03]} 1-0

[Event "56th Rubinstein Memorial C 2020"]
[Site "Polanica Zdroj"]
[Date "2020.08.19"]
[Round "5.6"]
[White "Adamczewski, Maciej"]
[Black "Walkusz, Witoslaw"]
[Result "1-0"]
[WhiteElo "2045"]
[BlackElo "2092"]
[Annotator "RC"]
[PlyCount "229"]
[EventDate "2020.08.15"]
[EventType "swiss"]
[EventCountry "POL"]
[SourceTitle "playchess.com"]
[Source "ChessBase"]
[SourceQuality "1"]
[TimeControl "40/5400+30:1800+30"]

1. d4 f5 2. c4 Nf6 3. Nc3 g6 4. h4 c5 5. d5 d6 6. Nh3 e5 7. dxe6 Bxe6 8. Nf4 Bxc4 9. Qa4+ b5 10. Nxb5 Bxb5 11. Qxb5+ Qd7 12. e3 Qxb5 13. Bxb5+ Nbd7 14. b3 Rb8 15. a4 Ke7 16. Bb2 Bg7 17. Rd1 Rhd8 18. Ke2 Ne5 19. Nd5+ Nxd5 20. Rxd5 Bf6 21. Rhd1 Ng4 22. Ba3 h5 23. g3 Bc3 24. R5d3 Bb4 25. Bb2 Ba5 26. f3 Nh6 27. Bc4 Rb6 28. Be5 Rc6 29. Bf4 Nf7 30. Bxf7 Kxf7 31. Rxd6 Rdxd6 32. Rxd6 Rxd6 33. Bxd6 Bb4 34. Bb8 a6 35. Kd3 Ke6 36. Kc4 Ba3 37. Bc7 Kd7 38. Bf4 Kc6 39. e4 fxe4 40. fxe4 Bb2 41. Be3 Be5 42. Bf4 Bf6 43. b4 cxb4 44. Kxb4 Bd4 45. Kc4 Bf2 46. Be5 Be1 47. Bb8 Kb7 48. Bf4 Kc6 49. Kd4 Kd7 50. Kd5 Bc3 51. e5 Be1 52. e6+ Ke7 53. Bg5+ Ke8 54. Ke5 Bc3+ 55. Kd6 Bb4+ 56. Kc6 Be1 57. Bf4 Ke7 58. Kd5 a5 59. Bd6+ Ke8 60. Kc4 Kd8 61. Kb5 Ke8 62. Kc6 Kd8 63. Kd5 Ke8 64. Ke4 Kd8 65. Kd3 Ke8 66. Ke2 Bc3 67. Bc5 Bf6 68. Kd3 g5 69. hxg5 Bxg5 70. Ke4 h4 71. g4 h3 72. Bd6 Bh4 73. Kf5 Be7 74. Bh2 Bc5 75. Kg5 Ke7 76. Kh4 Kxe6 77. Kxh3 Kf6 78. Bc7 Bb4 79. Kg3 Bd2 80. Kf3 Ke6 81. Ke4 Kd7 82. Bf4 Bc3 83. Kd5 Bf6 84. Bd2 Bd8 85. Kc5 Kc8 86. Kb5 Kb7 87. Bxa5 Bg5 88. Bc3 Ka7 89. Kc6 Ka6 90. Kd6 Kb6 91. Ke6 Kc5 92. Bf6 Bd2 93. Bd8 Kb4 94. a5 Kb5 95. Kd7 Ka6 96. Kc6 Ka7 97. Kb5 Kb7 98. a6+ Ka7 99. Bb6+ Kb8 100. Kc6 Ka8 101. Kd6 Bg5 102. Ke5 Bd2 103. Ke4 Bg5 104. Be3 Be7 105. Kf5 Bh4 106. Bd4 Bd8 107. Bf6 Ba5 108. g5 Bd2 109. g6 Bh6 110. Bd4 Kb8 111. Kf6 Kc7 112. Kf7 Kc6 113. Kg8 Kc7 114. Kh7 Bf8 115. Bc5 1-0

[Event "56th Rubinstein Memorial C 2020"]
[Site "Polanica Zdroj"]
[Date "2020.08.19"]
[Round "5.7"]
[White "Iwanczuk, Krzysztof"]
[Black "Szopa, Emilia"]
[Result "1/2-1/2"]
[WhiteElo "1929"]
[BlackElo "1628"]
[Annotator "TA"]
[PlyCount "137"]
[EventDate "2020.08.15"]
[EventType "swiss"]
[EventCountry "POL"]
[SourceTitle "playchess.com"]
[Source "ChessBase"]
[SourceQuality "1"]

{[%evp 24,137,13,3,43,42,29,15,57,54,129,133,122,0,63,0,64,18,45,29,174,60,154,73,78,82,98,102,89,98,132,181,219,128,181,133,161,0,0,0,297,117,93,79,227,217,282,273,262,214,283,34,44,37,201,191,164,212,176,136,387,335,636,621,1425,1247,1013,497,751,167,181,0,837,672,737,147,126,102,666,658,633,652,637,609,534,172,172,178,345,0,0,0,0,0,0,0,0,0,0,0,0,0,0,0,0,0,0,0,0,0,0,0,0,0,0,0]} 1. e4 c5 2. Nf3 Nc6 3. d4 cxd4 4. Nxd4 Nf6 5. Nc3 e5 6. Ndb5 d6 7. Nd5 Nxd5 8. exd5 Nb8 9. a4 a6 10. Na3 Be7 11. Be2 O-O 12. O-O f5 13. f4 Bf6 {B33: Sicilian: Pelikan and Sveshnikov Variations.} 14. Nc4 Nd7 15. a5 Qc7 16. Kh1 {[#]} b5 $146 (16... Rb8 $14) ({Predecessor:} 16... Re8 17. Ra3 exf4 18. Bxf4 Ne5 19. Nb6 Rb8 20. b4 Nd7 21. Nc4 Ne5 22. Re3 Bd7 23. Bxe5 Bxe5 24. Nxe5 dxe5 {1-0 (34) Hossain,E (2531)-Ramnath,B (2273) Dubai 2009}) 17. axb6 $1 $16 Nxb6 18. Na5 ({White must play} 18. fxe5 $16 {Nxb6 is the strong threat.} Nxc4 19. exf6 Rxf6 20. Qd4) 18... Bd7 (18... exf4 $11 19. Rxf4 Re8) 19. c3 ({White should play} 19. fxe5 $14 Bxe5 20. Nc6) 19... Kh8 (19... e4 $11) 20. Be3 exf4 21. Bxf4 Be5 (21... Rfe8 $11) 22. Be3 ({White has to play} 22. Bxe5 $1 $18 dxe5 23. c4) 22... Qd8 (22... Bb5 $14) 23. Bxb6 (23. Nc6 $142 Qc7 24. Nxe5 (24. Rxa6 Rxa6 25. Nxe5 Ba4 $16) 24... dxe5 25. Bg1 (25. Bxa6 f4 $16) (25. Rxa6 Rxa6 26. Bxa6 Ra8 $16)) 23... Qxb6 24. Nc4 Qb7 25. Nxe5 dxe5 26. Qd2 f4 27. c4 Rfb8 28. Ra2 ({Better is} 28. c5 $18) 28... Qb3 (28... Bf5 $16) 29. Rfa1 $18 Bf5 30. Rxa6 $2 (30. c5 $18) 30... Rxa6 $11 31. Rxa6 Bc2 $2 {[%mdl 8192]} (31... g6 $11 {and Black stays safe.} 32. Qe1 Qxb2) 32. Qc1 $2 (32. d6 $18 {has better winning chances.} Qxb2 33. d7 Qb1+ 34. Bd1 $1 {[%mdl 512]} Qxd1+ 35. Qxd1 Bxd1 36. Rd6) 32... Be4 33. Ra3 $1 {[%cal Ra3b3]} Qb6 (33... Qb4 $16) 34. c5 $18 Qd8 35. d6 Bc6 36. Ra6 Qc8 37. Qc2 $2 ({White should try} 37. Qc3 $18) 37... e4 $1 $14 {Hoping for ...f3.} 38. Qc3 $36 {[%mdl 2048] Strongly threatening Ra7. White is pushing.} f3 $2 (38... Qe8 $1 $14) 39. gxf3 $18 exf3 40. Rxc6 $1 {[%mdl 64] Remove Defender} Qxc6 41. Bxf3 {[%mdl 4096] Endgame KQR-KQB} Qb5 $2 {[%mdl 8192]} (41... Qa4 $16 {keeps fighting.} 42. Qd3 Qb4) 42. Kg2 Rc8 $2 (42... Rf8 43. b4 (43. c6 Qg5+ 44. Kh1 Qb5 $18) 43... Qa4) 43. b4 Qd7 {With the idea ...Qxd6.} 44. Qd4 Rf8 45. Qe4 (45. Qd5 $142) 45... h6 (45... Qf7 $142 46. h4 Qa2+ 47. Kg3 Qd2) 46. Bg4 $2 (46. Qd5) 46... Qf7 47. Bf3 $2 (47. Qe3 $1 $18) 47... Qf6 $2 {[%mdl 8192]} (47... Qd7 $11 48. Qd5 Qe8) 48. d7 Qg5+ 49. Qg4 $2 (49. Kh3 $18 {is the precise move to win.}) 49... Qd2+ $16 50. Kh1 $1 {aiming for c6.} Qe1+ $2 {[%mdl 8192]} (50... Qd3 $16 51. h3 Rxf3 52. d8=Q+ {[%mdl 64] Deflection} Qxd8 53. Qxf3 Qd4) 51. Qg1 $18 Qxb4 52. c6 Qb8 53. Qe1 Qb5 54. Kg2 $2 (54. Qd1 Qb8 55. Qd3) 54... Qg5+ {[#]} 55. Qg3 $1 {[%cal Rg3g5] White threatens Qxg5 and mate.} ({Don't take} 55. Kh1 $6 Rxf3 56. Qe8+ Kh7 $16) 55... Qd2+ $2 {[#]} (55... Qf5 {was necessary.} 56. Qf2 Qg5+ 57. Kh1 Kh7 58. Qc2+ g6) 56. Kh1 $2 ({Weaker is} 56. Kh3 Qd3 $16) (56. Qf2 $1 $18 {[%cal Rf2d2]} Qg5+ 57. Kh1) 56... Qd3 $1 $11 {[%cal Rd3f1] ( -> ...Qf1+). The position is equal.} 57. h3 Rxf3 {[#]} 58. d8=Q+ $1 {[%mdl 512]} Qxd8 59. Qxf3 {KQ-KQ} Qe7 60. Kg2 Qg5+ 61. Kf1 Qc1+ 62. Ke2 Qc2+ 63. Ke3 {And now Kd4 would win.} Qc3+ 64. Kf4 Qf6+ 65. Kg3 {Intending Qxf6 and mate.} Qg5+ 66. Kf2 Qd2+ 67. Qe2 Qd4+ 68. Qe3 Qf6+ 69. Qf3 {Black escapes into a draw. Accuracy: White = 51%, Black = 39%.} 1/2-1/2

[Event "56th Rubinstein Memorial C 2020"]
[Site "Polanica Zdroj"]
[Date "2020.08.19"]
[Round "5.8"]
[White "Kawalko, Adam"]
[Black "Barwinska, Ewa"]
[Result "*"]
[WhiteElo "1950"]
[BlackElo "1763"]
[Annotator "ChessBase"]
[PlyCount "25"]
[EventDate "2020.08.15"]
[EventType "swiss"]
[EventCountry "POL"]
[SourceTitle "playchess.com"]
[Source "ChessBase"]
[SourceQuality "1"]
[TimeControl "40/5400+30:1800+30"]

1. d4 {[%emt 0:00:00]} d5 {[%emt 0:00:00]} 2. c4 {[%emt 0:00:00]} e6 {[%emt 0:00:00]} 3. Nc3 {[%emt 0:00:33]} Nf6 4. cxd5 {[%emt 0:00:24]} exd5 {[%emt 0:00:27]} 5. Bg5 {[%emt 0:00:21]} Nbd7 {[%emt 0:00:41]} 6. e3 {[%emt 0:00:46]} Be7 {[%emt 0:00:32]} 7. Bd3 {[%emt 0:01:22]} c6 {[%emt 0:00:25]} 8. Nge2 {[%emt 0:02:13]} Nh5 {[%emt 0:00:57]} 9. Bxe7 {[%emt 0:01:57]} Qxe7 {[%emt 0:00:25]} 10. Qc2 {[%emt 0:01:04]} g6 {[%emt 0:01:13]} 11. O-O {[%emt 0:04:30]} O-O {[%emt 0:02:33]} 12. a3 {[%emt 0:02:02]} Ng7 {[%emt 0:00:30]} 13. b4 {[%emt 0:02:27]} *

[Event "56th Rubinstein Memorial C 2020"]
[Site "Polanica Zdroj"]
[Date "2020.08.19"]
[Round "5.8"]
[White "Kawalko, Adam"]
[Black "Barwinska, Ewa"]
[Result "1/2-1/2"]
[WhiteElo "1950"]
[BlackElo "1763"]
[Annotator "ChessBase"]
[PlyCount "85"]
[EventDate "2020.08.15"]
[EventType "swiss"]
[EventCountry "POL"]
[SourceTitle "playchess.com"]
[Source "ChessBase"]
[SourceQuality "1"]
[TimeControl "40/5400+30:1800+30"]

1. d4 {[%emt 0:00:00]} d5 {[%emt 0:00:00]} 2. c4 {[%emt 0:00:00]} e6 {[%emt 0:00:00]} 3. Nc3 {[%emt 0:00:33]} Nf6 4. cxd5 {[%emt 0:00:24]} exd5 {[%emt 0:00:27]} 5. Bg5 {[%emt 0:00:21]} Nbd7 {[%emt 0:00:41]} 6. e3 {[%emt 0:00:46]} Be7 {[%emt 0:00:32]} 7. Bd3 {[%emt 0:01:22]} c6 {[%emt 0:00:25]} 8. Nge2 {[%emt 0:02:13]} Nh5 {[%emt 0:00:57]} 9. Bxe7 {[%emt 0:01:57]} Qxe7 {[%emt 0:00:25]} 10. Qc2 {[%emt 0:01:04]} g6 {[%emt 0:01:13]} 11. O-O {[%emt 0:04:30]} O-O {[%emt 0:02:33]} 12. a3 {[%emt 0:02:02]} Ndf6 {[%emt 0:00:30]} 13. b4 {[%emt 0:02:27]} Ng7 {[%emt 0:10:12]} 14. Qb3 {[%emt 0:04:07]} a6 {[%emt 0:01:20]} 15. a4 {[%emt 0:03:57]} Bf5 {[%emt 0:00:30]} 16. Bxf5 {[%emt 0:02:16]} Nxf5 {[%emt 0:00:30]} 17. b5 {[%emt 0:01:44]} axb5 {[%emt 0:01:34]} 18. axb5 {[%emt 0:00:37]} Nd6 {[%emt 0:04:51]} 19. Qb4 {[%emt 0:03:14]} Qc7 {[%emt 0:07:17]} 20. Rfc1 {[%emt 0:04:54]} Nde4 {[%emt 0:04:39]} 21. bxc6 {[%emt 0:05:20]} bxc6 {[%emt 0:01:34]} 22. Nxe4 {[%emt 0:02:12]} Nxe4 {[%emt 0:00:25]} 23. Nc3 {[%emt 0:01:13]} Nxc3 {[%emt 0:03:41]} 24. Qxc3 {[%emt 0:00:39]} Rxa1 {[%emt 0:00:13]} 25. Qxa1 {[%emt 0:03:33]} Qb7 {[%emt 0:02:43]} 26. g3 {[%emt 0:01:01]} Ra8 {[%emt 0:03:30]} 27. Qb1 {[%emt 0:05:21]} Qxb1 {[%emt 0:05:52]} 28. Rxb1 {[%emt 0:00:01]} Rc8 {[%emt 0:00:57]} 29. f3 {[%emt 0:02:29]} f5 {[%emt 0:06:25]} 30. Kf2 {[%emt 0:02:52]} Rc7 {[%emt 0:04:02]} 31. e4 fxe4 {[%emt 0:01:41]} 32. fxe4 {[%emt 0:03:32]} dxe4 {[%emt 0:04:04]} 33. Ke3 {[%emt 0:00:08]} Kf7 {[%emt 0:01:18]} 34. Kxe4 {[%emt 0:01:09]} Re7+ {[%emt 0:03:47]} 35. Kf4 {[%emt 0:01:18]} Kf6 {[%emt 0:03:07]} 36. Rb6 {[%emt 0:06:16]} Re6 {[%emt 0:00:27]} 37. g4 {[%emt 0:00:18]} g5+ {[%emt 0:02:27]} 38. Kf3 Kf7 {[%emt 0:00:40]} 39. Ra6 {[%emt 0:02:54]} Kf6 40. h3 {[%emt 0:00:00]} h6 {[%emt 0:00:00]} 41. Ra7 {[%emt 0:03:36]} Kg6 {[%emt 0:10:39]} 42. Ra6 {[%emt 0:00:21]} Kf6 {[%emt 0:01:03]} 43. Ra7 {[%emt 0:00:30]} 1/2-1/2